Statistics for Will Rogers World Airport Destinations (Oklahoma City, OK, USA)

Click here to take the quiz!

General Stats

  • This quiz has been taken 13 times
  • The average score is 21 of 23

Answer Stats

AirlineDestination% Correct
Delta Air Lines/Delta Connection/Southwest AirlinesAtlanta
100%
American EagleAustin
100%
American Airlines/American EagleCharlotte
100%
American Airlines/American EagleDallas/Fort Worth
100%
Frontier Airlines/Southwest Airlines/United Airlines/United ExpressDenver
100%
Allegiant Air/Frontier Airlines/Southwest AirlinesLas Vegas
100%
Allegiant Air/American EagleLos Angeles
100%
Alaska AirlinesSeattle/Tacoma
100%
Southwest AirlinesChicago (Midway)
91%
American Eagle/United ExpressChicago (O'Hare)
91%
United Airlines/United ExpressHouston (Intercontinental)
91%
American EagleMiami
91%
Delta ConnectionMinneapolis/St. Paul
91%
Southwest AirlinesNashville
91%
Frontier Airlines/Southwest AirlinesOrlando
91%
Allegiant AirOrlando/Sanford
91%
American Eagle/Southwest AirlinesPhoenix (Sky Harbor)
91%
Delta ConnectionSalt Lake City
91%
American Eagle/Delta ConnectionNew York (LaGuardia)
82%
Southwest AirlinesSan Antonio
82%
American Eagle/Southwest AirlinesWashington (National)
82%
Southwest AirlinesSt. Louis
73%
Allegiant AirDestin/Fort Walton Beach
64%

Score Distribution

Percentile by Number Answered

Percent of People with Each Score

Your Score History

You have not taken this quiz